MINING MACHINERY (Record no. 5400)

MARC details
000 -LEADER
fixed length control field 00319nam a22001457a 4500
005 - DATE AND TIME OF LATEST TRANSACTION
control field 20170401155941.0
008 - FIXED-LENGTH DATA ELEMENTS--GENERAL INFORMATION
fixed length control field 170401b xxu||||| |||| 00| 0 eng d
020 ## - INTERNATIONAL STANDARD BOOK NUMBER
ISBN 81-7956-047-03
041 ## - LANGUAGE CODE
Language code of text/sound track or separate title eng
100 ## - MAIN ENTRY--AUTHOR NAME
Personal name SINGH,R.P
245 ## - TITLE STATEMENT
Title MINING MACHINERY
300 ## - PHYSICAL DESCRIPTION
Number of Pages 341
650 ## - SUBJECT ADDED ENTRY--TOPICAL TERM
Topical Term MINING
942 ## - ADDED ENTRY ELEMENTS (KOHA)
Koha item type Books
Holdings
Lost status Damaged status Collection code Home library Current library Shelving location Date acquired Source of acquisition Cost, normal purchase price Full call number Accession Number Koha item type
    MINING JRU Library JRU Library SHELF-94-C 22/03/2025 PURCHASE 350.00 622.076 21654 Books
      JRU Library   SHELF-6-C 14/02/2023 PURCHASE 350.00 622.076 21655 Books
    MINING JRU Library JRU Library SHELF-94-C 07/01/2023 PURCHASE 350.00 622.076 21656 Books